Canadian province/territory to capital - Statistics

General Stats
  • This quiz has been taken 16 times
  • The average score is 11 of 13
Answer Stats
Province/territory Answer % Correct
Nova Scotia Halifax
100%
Quebec Quebec city
100%
Ontario Toronto
100%
Manitoba Winnipeg
100%
Alberta Edmonton
92%
Newfoundland and Labrador Saint John’s
83%
British Columbia Victoria
83%
Yukon Whitehorse
83%
North-West Territories Yellowknife
83%
Saskatchewan Regina
75%
Nunavut Iqaluit
67%
Prince Edward Island Charlottetown
58%
New Brunswick Fredericton
58%
No matching quizzes found
Score Distribution
Percent of People with Each Score
Percentile by Number Answered
Your Score History
You have not taken this quiz